000 00623cam a22002053a 4500
001 40140
003 PGUSA
005 20140828083908.0
008 120704s2012||||xxu|||||s|||||000 | eng d
040 _aPGUSA
_beng
042 _adc
100 1 _aSteel, Flora Annie Webster,
_d1847-1929
245 1 0 _aOn the Face of the Waters :
_bA Tale of the Mutiny
_h[electronic resource] /
_cFlora Annie Webster Steel
260 _bProject Gutenberg,
_c2012
506 _aPublic domain in the USA.
516 _aElectronic text
830 0 _aProject Gutenberg
_v40140
856 4 0 _uhttp://www.gutenberg.org/ebooks/40140
942 _cEB
999 _c269393
_d269393